000 01083nam a22003137a 4500
003 CHAP
005 20220329143302.0
008 080131d2006 co b r 00110 spa d
010 _a94409
011 _a95381
020 _a9586952053
035 _a106004
040 _cCHAP
082 0 4 _a532
_bT6
100 1 _aToro Gómez, José Rafael.
_9113960
245 1 0 _aDinámica de fluidos :
_bcon introducción a la teoría de la turbulencia
_c/por José Rafael Toro Gómez
260 _aBogotá :
_bUniversidad de los Andes,
_c2006
300 _a463 p. :
_bgráfs.
590 _aBATCH-UPD
_b10
_c20130110
_lUCH01
_h0833
590 _aBATCH-UPD
_b10
_c20130410
_lUCH01
_h0511
590 _aBATCH-UPD
_b10
_c20130914
_lUCH01
_h1707
590 _aCONVERSION
_b10
_c20130109
_lUCH01
_h1352
650 1 4 _aDinámica de fluídos.
_932627
650 1 4 _aTurbulencia.
_9115593
901 _aBK
942 _cLIBRO
949 _a532 T6
_bBC
_cLIBRO
_d33724002049512
_eLIBRO
_gI.c/e
_h109044
_i106004
_si
_t$459.90
949 _a532 T6
_bBC
_cLIBRO
_d33724002049595
_eLIBRO
_fc.2
_gI.c/e
_h109045
_i106004
_si
_t$459.90
999 _c94409
_d94409